00930nac a22002531u 4500010001700000020001700017020001700034082001300051090001500064100003400079245003800113250001200151260005800163300003400221500002600255504005100281511002400332650002500356856008800381856007600469942001500545999001500560952010100575 a 2001037512 a0750653019 : a0750653019 :00a692bGLO c8434d8434 aGlover, Peter 10aBuilding surveys /cPeter Glover. a4th ed. aOxford :aBoston :bButterworth-Heinemann,2001c2001. axii, 275 p. :bill. ;c24 cm. aDistributer: Al-Ahram aIncludes bibliographical references and index. aCatalogued by: Sara 0aBuilding inspection.423Publisher descriptionuhttp://www.loc.gov/catdir/description/els031/2001037512.html423Table of contentsuhttp://www.loc.gov/catdir/toc/els031/2001037512.html cBBk692GLO c8434d8434 00104070aMAINbMAINc1STd2008-03-09ePurchasel0o692GLOp000010224r2025-07-15 00:00:00yBB